ბათუმის შოთა რუსთაველის სახელმწიფო უნივერსიტეტის ბიბლიოთეკა

აკუსტიკური რხევები და სოფლის მეურნეობა (ბიბ.ჩანაწერი № 44567)

000 -LEADER
fixed length control field 00746nam a2200217Ia 4500
001 - CONTROL NUMBER
control field 11370
003 - CONTROL NUMBER IDENTIFIER
control field GE_BSU
008 - FIXED-LENGTH DATA ELEMENTS--GENERAL INFORMATION
fixed length control field 181216s||||||||xx |||||||||||||| ||und||
040 ## - CATALOGING SOURCE
Transcribing agency GE_BSU
080 ## - UNIVERSAL DECIMAL CLASSIFICATION NUMBER
Universal Decimal Classification number 634.22
100 ## - MAIN ENTRY--PERSONAL NAME
Personal name გორდეზიანი კ.
245 ## - TITLE STATEMENT
Title აკუსტიკური რხევები და სოფლის მეურნეობა
245 ## - TITLE STATEMENT
Statement of responsibility, etc. რედ: ს. გუნია
260 ## - PUBLICATION, DISTRIBUTION, ETC.
Place of publication, distribution, etc. თბილისი.
260 ## - PUBLICATION, DISTRIBUTION, ETC.
Name of publisher, distributor, etc. საბჭოთა საქართველო.
260 ## - PUBLICATION, DISTRIBUTION, ETC.
Date of publication, distribution, etc. 1966
300 ## - PHYSICAL DESCRIPTION
Extent 191გვ.20სმ.
300 ## - PHYSICAL DESCRIPTION
Accompanying material ილ.
653 ## - INDEX TERM--UNCONTROLLED
Uncontrolled term აკუსტიკური რხევები და სოფლის მეურნეობა
942 ## - ADDED ENTRY ELEMENTS (KOHA)
Koha item type წიგნი
ეგზემპლარები
Withdrawn status Lost status Damaged status Not for loan Date acquired Barcode Date last seen Price effective from Koha item type
        2018-12-17 19724 2018-12-17 2018-12-17 წიგნი
        2018-12-17 19725 2018-12-17 2018-12-17 წიგნი